00415nam a2200121Ia 4500008004100000245015400041260001700195260000900212300000800221650002300229650001200252856002900264170516s9999 xx 000 0 und d aKinetic Analysis of Dynamic 11C-Acetate PET/CT Imaging as a Potential Method for Differentiation of Hepatocellular Carcinoma and Benign Liver Lesions bTheranostics c2015 a5:4 xMedical Technology xMedtech uhttp://www.thno.org/v5i4